[Event "POL-chT blind Gp B"]
[Site "Mielno"]
[Date "2013.12.11"]
[Round "7.2"]
[White "Rutkowski, Eugeniusz"]
[Black "Zoltek, Tadeusz"]
[Result "0-1"]
[WhiteElo "1765"]
[BlackElo "2146"]
[PlyCount "96"]
[EventDate "2013.12.06"]
[EventType "team-tourn"]
[EventRounds "10"]
[EventCountry "POL"]
[SourceTitle "EXT 2019"]
[Source "ChessBase"]
[SourceDate "2018.10.10"]
[SourceVersion "1"]
[SourceVersionDate "2018.10.10"]
[SourceQuality "1"]

1. b3 Nf6 2. Bb2 d6 3. g3 c6 4. e3 Nbd7 5. Be2 g6 6. Nh3 Bg7 7. f4 0-0 8. 0-0 a5 9. a4 Nb6 10. Nf2 Bf5 11. Nc3 Nfd5 12. e4 Nxc3 13. dxc3 Bd7 14. h4 f5 15. h5 fxe4 16. Nxe4 Bf5 17. Nf2 gxh5 18. Bxh5 Nd5 19. Qd2 Nf6 20. Bf3 Qe8 21. g4 Qg6 22. Qe2 Nxg4 23. Nxg4 h5 24. Kh1 hxg4 25. Bg2 Bxc2 26. Qxe7 Qh6+ 27. Kg1 g3 28. Rf3 Qh2+ 29. Kf1 Bd3+ 30. Rxd3 Rxf4+ 31. Ke1 Qg1+ 32. Kd2 Qxg2+ 33. Kc1 Rf1+ 34. Rd1 Bh6+ 35. Kb1 Rxd1+ 36. Ka2 Rxa1+ 37. Kxa1 Bg7 38. Qe6+ Kh8 39. Qxd6 Rf8 40. Ka2 Qh2 41. Ka3 Rf2 42. Qd8+ Kh7 43. Qd3+ Kg8 44. Qd8+ Bf8+ 45. b4 axb4+ 46. cxb4 Rf3+ 47. Ka2 Qh5 48. Qd4 Qd5+ 0-1

[Event "POL-chT blind Gp B"]
[Site "Mielno"]
[Date "2013.12.07"]
[Round "1.2"]
[White "Rutkowski, Eugeniusz"]
[Black "Kasperczyk, Dominik"]
[Result "1-0"]
[WhiteElo "1765"]
[BlackElo "1786"]
[PlyCount "71"]
[EventDate "2013.12.06"]
[EventType "team-tourn"]
[EventRounds "10"]
[EventCountry "POL"]
[SourceTitle "EXT 2019"]
[Source "ChessBase"]
[SourceDate "2018.10.10"]
[SourceVersion "1"]
[SourceVersionDate "2018.10.10"]
[SourceQuality "1"]

1. Nf3 Nf6 2. d4 d5 3. c4 e6 4. b3 Be7 5. Bb2 Nc6 6. a3 a6 7. e3 0-0 8. Bd3 Re8 9. 0-0 b6 10. Qc2 g6 11. cxd5 Qxd5 12. e4 Qd7 13. Rd1 Bb7 14. Nbd2 Rad8 15. Rac1 Rc8 16. Nc4 Qd8 17. Qe2 Bf8 18. Nce5 Nxe5 19. Nxe5 Nd7 20. Nc6 Bxc6 21. Rxc6 Bxa3 22. Bxa3 Nf6 23. Bb2 Kg7 24. Rdc1 Re7 25. Qf3 Rd7 26. d5 Ra8 27. g4 h6 28. Bc4 b5 29. Bf1 Qe7 30. dxe6 fxe6 31. h4 g5 32. hxg5 hxg5 33. Be5 Rc8 34. Rxa6 Qf8 35. Rxe6 Rf7 36. Rcc6 1-0

[Event "Ramsowo Grunwald Cup 28th"]
[Site "Ramsowo"]
[Date "2013.09.20"]
[Round "8"]
[White "Falkowski, Dawid"]
[Black "Rutkowski, Eugeniusz"]
[Result "1-0"]
[WhiteElo "2015"]
[BlackElo "1785"]
[PlyCount "79"]
[EventDate "2013.09.16"]
[EventType "swiss"]
[EventRounds "9"]
[EventCountry "POL"]
[SourceTitle "CBM 156 Extra"]
[Source "ChessBase"]
[SourceDate "2013.10.22"]
[SourceVersion "1"]
[SourceVersionDate "2013.10.22"]
[SourceQuality "1"]

1. e4 a6 2. d4 b5 3. Bf4 Bb7 4. Bd3 Nf6 5. Nd2 e6 6. Ngf3 c5 7. c3 Be7 8. 0-0 d6 9. Rc1 e5 10. dxe5 dxe5 11. Nxe5 g6 12. Qb3 c4 13. Bxc4 bxc4 14. Qxb7 Nbd7 15. Ndxc4 0-0 16. Nc6 Qe8 17. e5 Nh5 18. Bh6 Ng7 19. Rcd1 Bc5 20. Rxd7 Qe6 21. Nd6 Qxa2 22. Ne4 Qc4 23. b3 Bxf2+ 24. Nxf2 Qh4 25. Bxg7 Qf4 26. Bf6 Rae8 27. Re1 Qxf6 28. Ne7+ Rxe7 29. Rxe7 Qf4 30. Ne4 Qh4 31. g3 Qh6 32. Rf1 Qe3+ 33. Kg2 Qe2+ 34. Rf2 Qb5 35. Rfxf7 Qe2+ 36. Nf2 Rd8 37. Rg7+ Kh8 38. Rxh7+ Kg8 39. Re8+ Rxe8 40. Qg7# 1-0

[Event "Ramsowo Grunwald Cup 28th"]
[Site "Ramsowo"]
[Date "2013.09.16"]
[Round "2"]
[White "Ptasznik, Antoni"]
[Black "Rutkowski, Eugeniusz"]
[Result "1-0"]
[WhiteElo "1737"]
[BlackElo "1785"]
[PlyCount "25"]
[EventDate "2013.09.16"]
[EventType "swiss"]
[EventRounds "9"]
[EventCountry "POL"]
[SourceTitle "CBM 156 Extra"]
[Source "ChessBase"]
[SourceDate "2013.10.22"]
[SourceVersion "1"]
[SourceVersionDate "2013.10.22"]
[SourceQuality "1"]

1. e4 a6 2. d4 b5 3. c4 b4 4. c5 Bb7 5. Bd3 Nf6 6. Qc2 h6 7. Nf3 e6 8. Bd2 d5 9. e5 Nh5 10. Bf1 Nf4 11. Bxf4 g5 12. Be3 g4 13. Nfd2 1-0

[Event "Rowy op 08"]
[Site "Rowy"]
[Date "2012.08.25"]
[Round "9"]
[White "Myszka, Zygmunt"]
[Black "Rutkowski, Eugeniusz"]
[Result "1/2-1/2"]
[WhiteElo "1944"]
[BlackElo "1777"]
[PlyCount "46"]
[EventDate "2012.08.18"]
[EventType "swiss"]
[EventRounds "9"]
[EventCountry "POL"]
[SourceTitle "EXT 2014"]
[Source "ChessBase"]
[SourceDate "2013.11.20"]
[SourceVersion "1"]
[SourceVersionDate "2013.11.20"]
[SourceQuality "1"]

1. e4 a6 2. d4 b5 3. c4 Bb7 4. Nd2 b4 5. Ngf3 e6 6. d5 Bc5 7. Nb3 Be7 8. Na5 Bc8 9. Be3 c5 10. Nb3 d6 11. Be2 a5 12. Nc1 a4 13. 0-0 a3 14. b3 Bf6 15. Rb1 Bc3 16. Bd3 Bf6 17. Ne2 e5 18. Ng3 Bg4 19. h3 Bd7 20. Qd2 h6 21. Nf5 Bxf5 22. exf5 Be7 23. Qe2 Nd7 1/2-1/2

[Event "Rowy op 08"]
[Site "Rowy"]
[Date "2012.08.20"]
[Round "4"]
[White "Rutkowski, Jerzy"]
[Black "Rutkowski, Eugeniusz"]
[Result "1-0"]
[WhiteElo "2022"]
[BlackElo "1777"]
[PlyCount "23"]
[EventDate "2012.08.18"]
[EventType "swiss"]
[EventRounds "9"]
[EventCountry "POL"]
[SourceTitle "EXT 2014"]
[Source "ChessBase"]
[SourceDate "2013.11.20"]
[SourceVersion "1"]
[SourceVersionDate "2013.11.20"]
[SourceQuality "1"]

1. e4 a6 2. Nf3 b5 3. d4 Bb7 4. Bd3 Nf6 5. Qe2 e6 6. 0-0 c5 7. c3 d5 8. Nbd2 Be7 9. e5 Nfd7 10. Re1 Nc6 11. Nf1 h6 12. Ng3 1-0

[Event "Krynica Cross-ch sf"]
[Site "Krynica"]
[Date "2012.03.??"]
[Round "2"]
[White "Rutkowski, Eugeniusz"]
[Black "Zaleski, Jan"]
[Result "1/2-1/2"]
[WhiteElo "1804"]
[BlackElo "1891"]
[PlyCount "26"]
[EventDate "2012.03.??"]
[EventType "swiss"]
[EventRounds "9"]
[EventCountry "POL"]
[SourceTitle "EXT 2014"]
[Source "ChessBase"]
[SourceDate "2013.11.20"]
[SourceVersion "1"]
[SourceVersionDate "2013.11.20"]
[SourceQuality "1"]

1. d4 f5 2. g3 Nf6 3. Bg2 g6 4. Nd2 Bg7 5. c3 d5 6. Qa4+ c6 7. Qc2 Nbd7 8. Nh3 e5 9. Ng5 Qe7 10. dxe5 Nxe5 11. Ndf3 Ne4 12. 0-0 0-0 13. Be3 Re8 1/2-1/2

[Event "POL-chT blind Gp-B"]
[Site "Mielno"]
[Date "2011.04.01"]
[Round "8.2"]
[White "Bomba, Zbigniew"]
[Black "Rutkowski, Eugeniusz"]
[Result "0-1"]
[WhiteElo "1807"]
[BlackElo "1832"]
[PlyCount "50"]
[EventDate "2011.03.27"]
[EventType "team-tourn"]
[EventRounds "10"]
[EventCountry "POL"]
[SourceTitle "EXT 2019"]
[Source "ChessBase"]
[SourceDate "2018.10.10"]
[SourceVersion "1"]
[SourceVersionDate "2018.10.10"]
[SourceQuality "1"]

1. c4 e5 2. g3 g6 3. Bg2 Bg7 4. Nc3 Ne7 5. d3 0-0 6. Nf3 c6 7. 0-0 Na6 8. a3 Nc7 9. d4 exd4 10. Nxd4 d5 11. cxd5 Nexd5 12. Nxd5 Nxd5 13. Qb3 Nf6 14. Rd1 Qb6 15. Bd2 Bg4 16. Qxb6 axb6 17. f3 Bc8 18. Bc3 Nd5 19. e4 Nxc3 20. bxc3 b5 21. Kf2 Re8 22. f4 Bf8 23. Nc2 Bg4 24. Bf3 Bc5+ 25. Ke2 Rxe4+ 0-1

[Event "POL-chT blind Gp-B"]
[Site "Mielno"]
[Date "2011.03.27"]
[Round "1.2"]
[White "Rutkowski, Eugeniusz"]
[Black "Cebula, Jozef"]
[Result "0-1"]
[WhiteElo "1832"]
[BlackElo "1883"]
[PlyCount "114"]
[EventDate "2011.03.27"]
[EventType "team-tourn"]
[EventRounds "10"]
[EventCountry "POL"]
[SourceTitle "EXT 2019"]
[Source "ChessBase"]
[SourceDate "2018.10.10"]
[SourceVersion "1"]
[SourceVersionDate "2018.10.10"]
[SourceQuality "1"]

1. d4 d5 2. c4 Nf6 3. Nc3 e6 4. Nf3 Be7 5. e3 a6 6. Bd3 Nc6 7. a3 b6 8. 0-0 Bb7 9. b4 dxc4 10. Bxc4 b5 11. Be2 Bd6 12. e4 e5 13. d5 Ne7 14. Bg5 Ng6 15. Nh4 Nxh4 16. Bxh4 h6 17. Bg3 0-0 18. Qc2 Bc8 19. Nd1 Nh7 20. Ne3 g6 21. f4 exf4 22. Bxf4 Bxf4 23. Rxf4 Qg5 24. Rf3 Qe5 25. Rff1 Ng5 26. Bd3 Re8 27. Qf2 Re7 28. Qc2 Nxe4 29. Rae1 Qd4 30. Kh1 f5 31. Bxe4 Rxe4 32. Qc6 Ra7 33. Qxg6+ Qg7 34. Qxg7+ Kxg7 35. Nxf5+ Bxf5 36. g4 Rxe1 37. Rxe1 Bg6 38. Re7+ Bf7 39. d6 Kf6 40. Rxc7 Rxc7 41. dxc7 Be6 42. h3 Ke7 43. Kg2 Kd7 44. Kf3 Ke7 45. Kf4 Kd6 46. h4 Kxc7 47. g5 hxg5+ 48. Kxg5 Bb3 49. h5 Kd6 50. h6 Bc2 51. Kf6 Kd5 52. Ke7 Kc4 53. Kd6 Kb3 54. Kc5 Kxa3 55. Kb6 Kxb4 56. Kxa6 Kc4 57. Ka5 b4 0-1

[Event "POL-ch sf blind"]
[Site "Zawoja Osrodek"]
[Date "2011.??.??"]
[Round "4"]
[White "Bzowski, Grzegorz"]
[Black "Rutkowski, Eugeniusz"]
[Result "1-0"]
[WhiteElo "1703"]
[BlackElo "1832"]
[PlyCount "85"]
[EventDate "2011.??.??"]
[EventType "swiss"]
[EventRounds "9"]
[EventCountry "POL"]
[SourceTitle "EXT 2013"]
[Source "ChessBase"]
[SourceDate "2012.11.22"]
[SourceVersion "1"]
[SourceVersionDate "2012.11.22"]
[SourceQuality "1"]

1. g3 e5 2. Bg2 c6 3. d3 Nf6 4. Nf3 Be7 5. 0-0 d6 6. e4 Bg4 7. b3 Qc8 8. Nc3 0-0 9. a4 Re8 10. Qd2 h6 11. Ba3 Bh3 12. Nd1 Kh7 13. Ne3 g6 14. Nc4 Bxg2 15. Kxg2 Qd8 16. Bc1 Ng8 17. h3 c5 18. Ne3 Bf8 19. h4 Qd7 20. Nh2 Bg7 21. Bb2 f5 22. exf5 gxf5 23. Rab1 h5 24. f4 exf4 25. Nxf5 Qxf5 26. Rxf4 Qd5+ 27. Rf3 Bxb2 28. c4 Qc6 29. Rxb2 Rf8 30. Qg5 Rxf3 31. Nxf3 Qe8 32. Qf5+ Qg6 33. Ng5+ Kg7 34. Ne6+ Kh6 35. Qf4+ Kh7 36. Nf8+ Kg7 37. Nxg6 Kxg6 38. Rf2 Nc6 39. Qf7+ Kh6 40. Qe6+ Kg7 41. Rf7+ Kh8 42. Qf5 Nf6 43. Qxf6+ 1-0

[Event "POL-chT blind"]
[Site "Mielno"]
[Date "2010.03.22"]
[Round "3.9"]
[White "Hagner, Pawel"]
[Black "Rutkowski, Eugeniusz"]
[Result "1/2-1/2"]
[WhiteElo "1872"]
[BlackElo "1863"]
[PlyCount "87"]
[EventDate "2010.03.21"]
[EventType "team-tourn"]
[EventRounds "10"]
[EventCountry "POL"]
[SourceTitle "EXT 2011"]
[Source "ChessBase"]
[SourceDate "2010.11.26"]
[SourceVersion "1"]
[SourceVersionDate "2010.11.26"]
[SourceQuality "1"]

1. d4 Nf6 2. Nf3 d5 3. Bg5 Nbd7 4. e3 c5 5. c3 Qb6 6. Qc2 e6 7. Nbd2 Bd6 8. a4 a6 9. a5 Qc7 10. Bd3 c4 11. Be2 h6 12. Bh4 b5 13. axb6 Nxb6 14. Bg3 0-0 15. Ne5 Nfd7 16. Ndf3 f5 17. Ng6 Rf6 18. Ne7+ Kf8 19. Bxd6 Qxd6 20. Nxc8 Nxc8 21. 0-0 g5 22. Qa4 Kg7 23. Rfb1 g4 24. Ne5 Nxe5 25. dxe5 Qxe5 26. Qc6 Qb8 27. Rxa6 Rxa6 28. Qxa6 e5 29. Qa5 Ne7 30. Qa3 Qb7 31. b4 h5 32. Ra1 Nc8 33. Qa5 Rb6 34. Rd1 Rb5 35. Qd8 Ne7 36. Qd6 e4 37. Ra1 Rb6 38. Qe5+ Kh7 39. Ra5 Qd7 40. Ra8 Ng6 41. Qd4 Rb7 42. Ra5 Ne7 43. Ra8 Ng6 44. Ra5 1/2-1/2

[Event "Ramsowo Grunwald Cup 24th"]
[Site "Ramsowo"]
[Date "2009.09.25"]
[Round "8.11"]
[White "Kardasz, Wladyslaw"]
[Black "Rutkowski, Eugeniusz"]
[Result "1-0"]
[WhiteElo "1917"]
[BlackElo "1890"]
[PlyCount "71"]
[EventDate "2009.09.19"]
[EventType "swiss"]
[EventRounds "9"]
[EventCountry "POL"]
[SourceTitle "EXT 2023"]
[Source "ChessBase"]
[SourceDate "2022.10.05"]
[SourceVersion "1"]
[SourceVersionDate "2022.10.05"]
[SourceQuality "1"]

1. e4 a6 2. c4 b6 3. Nc3 Bb7 4. d4 e6 5. Nf3 Bb4 6. Bd3 Nf6 7. Qe2 h6 8. e5 Nh7 9. h4 d5 10. cxd5 Qxd5 11. Bd2 Qd7 12. a3 Be7 13. Be4 Nc6 14. Qd3 Nf8 15. b4 0-0-0 16. b5 Nxd4 17. Bxb7+ Kxb7 18. bxa6+ Ka7 19. Qxd4 Qc6 20. Qe4 Qxe4+ 21. Nxe4 Nd7 22. 0-0 f5 23. exf6 gxf6 24. Rfc1 c5 25. Bc3 Rhg8 26. Rd1 Rg4 27. Nd6 Kxa6 28. Nf7 Rdg8 29. Rxd7 Rxg2+ 30. Kf1 Bf8 31. Rd8 R2g7 32. Nxh6 Rh8 33. Bxf6 Rxh6 34. Rxf8 Rd7 35. Be5 Rhh7 36. Rb1 1-0

[Event "POL-ch disabled"]
[Site "Rowy"]
[Date "2009.09.06"]
[Round "8.20"]
[White "Rutkowski, Eugeniusz"]
[Black "Kowalczyk, Henryk"]
[Result "1/2-1/2"]
[WhiteElo "1890"]
[BlackElo "1796"]
[PlyCount "32"]
[EventDate "2009.09.01"]
[EventType "swiss"]
[EventRounds "9"]
[EventCountry "POL"]
[SourceTitle "EXT 2023"]
[Source "ChessBase"]
[SourceDate "2022.10.05"]
[SourceVersion "1"]
[SourceVersionDate "2022.10.05"]
[SourceQuality "1"]

1. c4 c5 2. Nc3 Nf6 3. Nf3 Nc6 4. d3 d5 5. cxd5 Nxd5 6. e4 Nc7 7. Be3 e5 8. Rc1 Ne6 9. Nd5 Ned4 10. a3 Bg4 11. Be2 Nxe2 12. Qxe2 Nd4 13. Qd1 Bd6 14. Qa4+ Bd7 15. Qd1 Bg4 16. Qa4+ Bd7 1/2-1/2

[Event "POL-ch disabled"]
[Site "Rowy"]
[Date "2009.09.02"]
[Round "3.23"]
[White "Wojtowicz, Mieczyslaw"]
[Black "Rutkowski, Eugeniusz"]
[Result "1-0"]
[WhiteElo "1747"]
[BlackElo "1890"]
[PlyCount "49"]
[EventDate "2009.09.01"]
[EventType "swiss"]
[EventRounds "9"]
[EventCountry "POL"]
[SourceTitle "EXT 2023"]
[Source "ChessBase"]
[SourceDate "2022.10.05"]
[SourceVersion "1"]
[SourceVersionDate "2022.10.05"]
[SourceQuality "1"]

1. e4 a6 2. Nf3 b5 3. b4 Bb7 4. e5 e6 5. a3 c5 6. bxc5 Bxc5 7. d4 Be7 8. c4 bxc4 9. Bxc4 Nc6 10. 0-0 Rc8 11. Ba2 a5 12. Re1 h6 13. d5 exd5 14. Bxd5 Bc5 15. Bxf7+ Kxf7 16. Qd5+ Kg6 17. Qxc5 Kh7 18. Qc2+ g6 19. Qb3 Qe8 20. Qxb7 Nxe5 21. Nxe5 Qxe5 22. Qxd7+ Ne7 23. Qxe7+ Qxe7 24. Rxe7+ Kg8 25. Nd2 1-0

[Event "POL-chT Blind Gr A"]
[Site "Zakopane"]
[Date "2008.03.17"]
[Round "9.8"]
[White "Rutkowski, Eugeniusz"]
[Black "Wyrzykowski, Jozef"]
[Result "1-0"]
[WhiteElo "1984"]
[BlackElo "1841"]
[PlyCount "87"]
[EventDate "2008.03.09"]
[EventType "team-swiss"]
[EventRounds "10"]
[EventCountry "POL"]
[SourceTitle "EXT 2019"]
[Source "ChessBase"]
[SourceDate "2018.10.10"]
[SourceVersion "1"]
[SourceVersionDate "2018.10.10"]
[SourceQuality "1"]

1. d4 d5 2. c4 dxc4 3. Nf3 e6 4. e3 Nf6 5. Bxc4 c5 6. 0-0 cxd4 7. Nxd4 Be7 8. Qa4+ Bd7 9. Qb3 b6 10. Nc3 0-0 11. Rd1 Qe8 12. Qc2 Nc6 13. Nf3 Qb8 14. Ne4 Rd8 15. a3 Qc7 16. Bd3 g6 17. Qe2 Ne5 18. Nxf6+ Bxf6 19. Be4 Rac8 20. Nd4 Be8 21. Bd2 Qc4 22. Bc3 Qxe2 23. Nxe2 Kg7 24. Bb7 Rb8 25. Be4 Ba4 26. Rd4 Rxd4 27. Nxd4 Rc8 28. h3 Nd7 29. g4 Nc5 30. Bg2 Nb3 31. Re1 Nxd4 32. exd4 Rd8 33. Re4 Bc2 34. Re2 Bb3 35. Rd2 Bc4 36. f4 h6 37. Kf2 Bh4+ 38. Kf3 f5 39. Ke3 g5 40. gxf5 gxf4+ 41. Kxf4 Bg5+ 42. Ke5 Bxd2 43. f6+ Kf7 44. Bxd2 1-0